Grafická vizualizácia priebehu genetického algoritmu
Enregistré dans:
| Auteur principal: | |
|---|---|
| Autres auteurs: | |
| Format: | Manuscrit Livre |
| Langue: | slovaque |
| Publié: |
2019
|
| Sujets: | |
| Accès en ligne: | http://is.stuba.sk/zp/portal_zp.pl?podrobnosti=134695 |
| Tags: |
Pas de tags, Soyez le premier à ajouter un tag!
|
MARC
| LEADER | 00000ntm a22000003a 4500 | ||
|---|---|---|---|
| 001 | stuzp75081 | ||
| 003 | SK-STU | ||
| 005 | 20190622212934.4 | ||
| 007 | ta | ||
| 008 | 150427s2015----xo-----f-mn---000-0-slo-d | ||
| 040 | |a STU |b slo | ||
| 041 | 0 | |a slo | |
| 100 | 1 | |a Ágh, Dominik |u 070400 |4 aut |U FIIT Fakulta informatiky a informačných technológií |T FIIT Ústav počítačového inžinierstva a aplikovanej informatiky |X 85754 |U I400 |Y 672 |7 85754 | |
| 242 | 0 | 1 | |a Graphical visualisation of genetic algorithms |y eng |
| 245 | 1 | 0 | |a Grafická vizualizácia priebehu genetického algoritmu |
| 260 | |c 2019 | ||
| 650 | 4 | |a genetické algoritmy |2 slo | |
| 650 | 4 | |a vizualizácia |2 slo | |
| 650 | 4 | |a optimalizačné problémy |2 slo | |
| 650 | 4 | |a genetic algorithms |2 eng | |
| 650 | 4 | |a visualization |2 eng | |
| 650 | 4 | |a optimization problems |2 eng | |
| 700 | 1 | |a Hudec, Ján |u 070400 |k Z1 |4 ths |U FIIT Fakulta informatiky a informačných technológií |T FIIT Ústav počítačového inžinierstva a aplikovanej informatiky |X 1995 |U I400 |Y 672 |7 A000001995 | |
| 856 | 4 | |u http://is.stuba.sk/zp/portal_zp.pl?podrobnosti=134695 | |
| 996 | |b 13236 |c I*BAP1/19 |l II680 |s P |a 0 |w stuzp75081_0001 | ||